<?xml version="1.0" encoding="UTF-8"?>
<marc:record xmlns:marc="http://www.loc.gov/MARC21/slim">
   <marc:leader>00000nam a2200000 a 4500</marc:leader>
   <marc:datafield ind1="0" ind2="0" tag="245">
      <marc:subfield code="a">Medizin populär 25 / 08 - Oktober</marc:subfield>
   </marc:datafield>
   <marc:datafield ind1="0" ind2="0" tag="245">
      <marc:subfield code="b">das Gesundheitsmagazin des österreichischen ÄrzteVerlages.</marc:subfield>
   </marc:datafield>
   <marc:datafield ind1=" " ind2="1" tag="264">
      <marc:subfield code="a">Wien</marc:subfield>
      <marc:subfield code="b">Verlagshaus der Ärzte</marc:subfield>
      <marc:subfield code="c">25</marc:subfield>
   </marc:datafield>
   <marc:datafield ind1="1" ind2=" " tag="490">
      <marc:subfield code="a">-</marc:subfield>
   </marc:datafield>
   <marc:datafield ind1="1" ind2=" " tag="520">
      <marc:subfield code="a">Gemeinsam gegen Brustkrebs - Früherkennung, medizinische Fortschritte ; &#xD;
Genuss mit Folgen - Nahrungsmittelallergie ; &#xD;
Soforthilfe bei Pickel und Fieberblase ; &#xD;
Venenentzündung - wann wird es gefährlich ; &#xD;
Was bringt Omega 3? ; &#xD;
Osteoarthrose bei Hund und Katze ; &#xD;
Wie bemerkt man einen Schlaganfall? ; &#xD;
Beilage: Gesund&amp;Leben: Immunsystem: starke Abwehr für kühle Tage ; Küribs ; Calisthenic ; Arbeit - Mut zum Neubeginn ; Aaron Karl im Gespräch ; Sportlerin: Leonie Haller ; Chronische Einsamkeit kann sich auch körperlich auswirken ; Die stille Sprache des Gesichts - Mimik ; &#xD;
uvm.</marc:subfield>
   </marc:datafield>
   <marc:datafield ind1=" " ind2=" " tag="041">
      <marc:subfield code="a">ger</marc:subfield>
   </marc:datafield>
   <marc:datafield ind1=" " ind2=" " tag="338">
      <marc:subfield code="a">Band</marc:subfield>
   </marc:datafield>
</marc:record>
